Statistics for Oscar for Best Actor Films

Click here to take the quiz!

General Stats

  • This quiz has been taken 222 times
    (38 since last reset)
  • The average score is 63 of 98

Answer Stats

YearActorMovie% Correct
2019Joaquin PhoenixJoker
100%
2023Cillian MurphyOppenheimer
100%
2013Matthew McConaugheyDallas Buyers Club
96%
2012Daniel Day-LewisLincoln
96%
2016Casey AffleckManchester by the Sea
96%
2008Sean PennMilk
96%
2004Jamie FoxxRay
96%
2020Anthony HopkinsThe Father
96%
2002Adrian BrodyThe Pianist
96%
2018Rami MalekBohemian Rhapsody
93%
1994Tom HanksForrest Gump
93%
2000Russell CroweGladiator
93%
2015Leonardo DiCaprioThe Revenant
93%
1972Marlon BrandoThe Godfather
89%
2010Colin FirthThe King's Speech
89%
1991Anthony HopkinsThe Silence of the Lambs
89%
2022Brendan FraserThe Whale
89%
1999Kevin SpaceyAmerican Beauty
86%
2017Gary OldmanDarkest Hour
86%
2021Will SmithKing Richard
86%
1975Jack NicholsonOne Flew Over the Cuckoo's Nest
86%
2014Eddie RedmayneThe Theory of Everything
86%
2001Denzel WashingtonTraining Day
86%
1987Michael DouglasWall Street
86%
2005Philip Seymour HoffmanCapote
82%
2003Sean PennMystic River
82%
1980Robert DeNiroRaging Bull
82%
1992Al PacinoScent of a Woman
82%
2006Forest WhitakerThe Last King of Scotland
82%
2007Daniel Day-LewisThere Will Be Blood
82%
1997Jack NicholsonAs Good as it Gets
79%
1982Ben KingsleyGandhi
79%
1995Nicholas CageLeaving Las Vegas
79%
1993Tom HanksPhiladelphia
79%
2011Jean DujardinThe Artist
79%
1969John WayneTrue Grit
79%
1959Charlton HestonBen-Hur
75%
2009Jeff BridgesCrazy Heart
75%
1970George C. ScottPatton
75%
1986Paul NewmanThe Color of Money
75%
1940James StewartThe Philadelphia Story
75%
1984F. Murray AbrahamAmadeus
71%
1979Dustin HoffmanKramer vs. Kramer
71%
1989Daniel Day-LewisMy Left Foot
71%
1954Marlon BrandoOn the Waterfront
71%
1988Dustin HoffmanRain Man
71%
1971Gene HackmanThe French Connection
71%
1998Roberto BenigniLife is Beautiful
64%
1957Alec GuinnessThe Bridge on the River Kwai
64%
1948Laurence OlivierHamlet
61%
1976Peter FinchNetwork
61%
1981Henry FondaOn Golden Pond
61%
1985William HurtThe Kiss of the Spider Woman
61%
1978Jon VoightComing Home
57%
1967Rod SteigerIn the Heat of the Night
57%
1996Geoffrey RushShine
57%
1951Humphrey BogartThe African Queen
57%
1962Gregory PeckTo Kill a Mockingbird
57%
1966Paul ScofieldA Man for All Seasons
54%
1964Rex HarrisonMy Fair Lady
54%
1990Jeremy IronsReversal of Fortune
54%
1965Lee MarvinCat Ballou
50%
1944Bing CrosbyGoing My Way
50%
1952Gary CooperHigh Noon
50%
1955Ernest BorgnineMarty
50%
1973Jack LemmonSave the Tiger
50%
1958David NivenSeparate Tables
50%
1983Robert DuvallTender Mercies
50%
1977Richard DreyfussThe Goodbye Girl
50%
1956Yul BrynnerThe King and I
50%
1949Broderick CrawfordAll the King's Men
46%
1968Cliff RobertsonCharly
46%
1974Art CarneyHarry and Tonto
46%
1934Clark GableIt Happened One Night
46%
1953William HoldenStalag 17
46%
1946Frederic MarchThe Best Years of Our Lives
46%
1932Frederic MarchDr. Jekyll and Mr. Hyde
43%
1945Ray MillandThe Lost Weekend
43%
1942James CagneyYankee Doodle Dandy
43%
1960Burt LancasterElmer Gantry
39%
1961Maximillian SchellJudgment at Nuremberg
39%
1963Sidney PoitierLilies of the Field
39%
1937Spencer TracyCaptains Courageous
36%
1950José FerrerCyrano de Bergerac
36%
1929Warner BaxterIn Old Arizona
36%
1935Victor McLaglenThe Informer
36%
1933Charles LaughtonThe Private Life of Henry VIII
36%
1931Lionel BarrymoreA Free Soul
32%
1938Spencer TracyBoys Town
32%
1930George ArlissDisraeli
32%
1941Gary CooperSergeant York
32%
1932Wallace BeeryThe Champ
32%
1928Emil JannningsThe Last Command
32%
1936Paul MuniThe Story of Louis Pasteur
32%
1943Paul LukasWatch on the Rhine
32%
1947Ronald ColmanA Double Life
29%
1939Robert DonatGoodbye, Mr. Chips
29%
1927Emil JannningsThe Way of All Flesh
29%

Score Distribution

Percentile by Number Answered

Percent of People with Each Score

Your Score History

You have not taken this quiz since the last reset